Marketingová analýza zahraničného trhu bakalárska práca

Salvato in:
Dettagli Bibliografici
Autore principale: Brejka, Marek
Ente Autore: Fakulta podnikového manažmentu EU. Katedra manažmentu
Altri autori: Sršňová, Jana
Natura: Libro
Lingua:slovacco
Pubblicazione: Bratislava 2009
Tags: Aggiungi Tag
Nessun Tag, puoi essere il primo ad aggiungerne!!

MARC

LEADER 00000nam$a2200000$$$4500
001 0103108
005 20240320075103.3
041 0 |a slo 
044 |a SK 
245 1 0 |a Marketingová analýza zahraničného trhu  |b bakalárska práca  |c Marek Brejka ; škol. Jana Sršňová 
264 1 |a Bratislava  |c 2009 
300 |a 44 s. 
100 1 |a Brejka, Marek 
700 1 |a Sršňová, Jana 
710 2 |a Fakulta podnikového manažmentu EU. Katedra manažmentu